Statistics for Prove You're Not a Robot

Click here to take the quiz!

General Stats

  • This quiz has been taken 6,699 times
  • The average score is 39 of 45

Answer Stats

QuestionTileSelect% Correct
traffic lightsYes
97%
traffic lightsNo
97%
traffic lightsYes
97%
traffic lightsNo
97%
traffic lightsYes
97%
traffic lightsNo
96%
traffic lightsYes
93%
traffic lightsNo
93%
crosswalksNo
90%
crosswalksNo
89%
bridgesNo
89%
bridgesYes
89%
bridgesNo
89%
crosswalksNo
89%
crosswalksYes
89%
crosswalksYes
89%
bicyclesYes
88%
crosswalksNo
88%
bicyclesNo
88%
crosswalksYes
88%
bridgesYes
88%
bridgesYes
88%
bicyclesNo
88%
bicyclesNo
88%
bicyclesNo
88%
bicyclesYes
88%
bicyclesYes
87%
bicyclesYes
87%
bridgesYes
87%
bridgesYes
87%
bridgesNo
87%
crosswalksNo
86%
bridgesNo
85%
crosswalksYes
82%
traffic lightsYes
79%
KeanusYes
78%
KeanusYes
78%
KeanusYes
78%
KeanusYes
78%
KeanusYes
77%
KeanusYes
77%
KeanusYes
77%
KeanusYes
77%
KeanusNo
76%
bicyclesNo
70%

Score Distribution

Percentile by Number Answered

Percent of People with Each Score

Your Score History

You have not taken this quiz